[Event "TUR Cup"]
[Site "Antalya"]
[Date "2020.01.30"]
[Round "7"]
[White "Can, Furkan"]
[Black "Muftuoglu, Musa Emin"]
[Result "1-0"]
[WhiteElo "1980"]
[BlackElo "1834"]
[PlyCount "87"]
[EventDate "2020.01.26"]
[EventType "swiss"]
[EventRounds "11"]
[EventCountry "TUR"]
[SourceTitle "CBM 194 Extra"]
[Source "ChessBase"]
[SourceDate "2020.03.31"]
[SourceVersion "1"]
[SourceVersionDate "2020.03.31"]
[SourceQuality "1"]

1. d4 e6 2. Nf3 f5 3. g3 Nf6 4. Bg2 Be7 5. 0-0 0-0 6. c4 d6 7. Nc3 a5 8. Re1 Ne4 9. Nxe4 fxe4 10. Nd2 d5 11. cxd5 exd5 12. f3 exf3 13. Nxf3 c5 14. dxc5 Bxc5+ 15. Kh1 Nc6 16. Ng5 Rf5 17. Rf1 Rxg5 18. Bxg5 Qxg5 19. Rc1 d4 20. Qb3+ Kh8 21. Qb5 Bg4 22. Rxc5 Qe7 23. Bf3 Rf8 24. Rcc1 Bh3 25. Rfd1 Qe3 26. Qh5 Bf5 27. Qh4 d3 28. Qf4 Qe7 29. exd3 Bxd3 30. Re1 Qd8 31. Qe3 Bg6 32. Bg2 h6 33. Rcd1 Qc7 34. Qe6 Rf6 35. Qd5 Qb6 36. b3 Rf2 37. Rd2 Rf5 38. Qd7 Re5 39. Rxe5 Nxe5 40. Qd8+ Qxd8 41. Rxd8+ Kh7 42. Bxb7 Nf7 43. Ra8 Nd6 44. Bg2 1-0

[Event "TUR Cup"]
[Site "Antalya"]
[Date "2020.01.27"]
[Round "3"]
[White "Celik, Hilmi"]
[Black "Muftuoglu, Musa Emin"]
[Result "0-1"]
[WhiteElo "1675"]
[BlackElo "1834"]
[PlyCount "74"]
[EventDate "2020.01.26"]
[EventType "swiss"]
[EventRounds "11"]
[EventCountry "TUR"]
[SourceTitle "CBM 194 Extra"]
[Source "ChessBase"]
[SourceDate "2020.03.31"]
[SourceVersion "1"]
[SourceVersionDate "2020.03.31"]
[SourceQuality "1"]

1. b3 e6 2. Bb2 f5 3. Nf3 Nf6 4. g3 Be7 5. Bg2 0-0 6. c4 d6 7. 0-0 e5 8. d3 Qe8 9. Nc3 Qh5 10. Nd5 Nxd5 11. cxd5 Nd7 12. Rc1 Bd8 13. e4 fxe4 14. dxe4 Nf6 15. Nd2 Qh6 16. f3 Bd7 17. a4 a5 18. Nc4 b5 19. Nxe5 dxe5 20. Bxe5 Rc8 21. axb5 Bxb5 22. Rf2 Bd7 23. Rfc2 Qe3+ 24. Rf2 Nxe4 25. fxe4 Qxf2+ 26. Kh1 Qb6 27. Bd4 Qh6 28. e5 Bg4 29. Qe1 Be7 30. Rc6 Bb4 31. Bc3 Bxc3 32. Qxc3 Qh5 33. e6 Qf5 34. h4 Bh3 35. Qc4 Bxg2+ 36. Kxg2 Qf2+ 37. Kh3 Rf3 0-1

[Event "TUR Cup"]
[Site "Antalya"]
[Date "2017.02.03"]
[Round "10"]
[White "Muftuoglu, Musa Emin"]
[Black "Bacak, Muhammed Kaan"]
[Result "1/2-1/2"]
[WhiteElo "1847"]
[BlackElo "2031"]
[PlyCount "56"]
[EventDate "2017.01.28"]
[EventType "swiss"]
[EventRounds "11"]
[EventCountry "TUR"]
[SourceTitle "CBM 176 Extra"]
[Source "ChessBase"]
[SourceDate "2017.03.02"]
[SourceVersion "1"]
[SourceVersionDate "2017.03.02"]
[SourceQuality "1"]

1. d4 Nf6 2. Bg5 e6 3. e4 h6 4. Bxf6 Qxf6 5. Nf3 d6 6. Nc3 g6 7. Qd2 Bg7 8. 0-0-0 0-0 9. e5 Qe7 10. Bd3 Nd7 11. Qe3 d5 12. h4 c5 13. dxc5 Nxc5 14. Nd4 a6 15. f4 Bd7 16. g4 Nxd3+ 17. Qxd3 f5 18. gxf5 gxf5 19. h5 Kh7 20. Rdg1 Be8 21. Nxd5 exd5 22. Nxf5 Rxf5 23. Qxf5+ Kh8 24. Rg3 Bd7 25. Qg6 Be8 26. Qf5 Bd7 27. Qg6 Be8 28. Qf5 Bd7 1/2-1/2

[Event "TUR Cup"]
[Site "Antalya"]
[Date "2017.01.28"]
[Round "1"]
[White "Yilmaz, Volkan"]
[Black "Muftuoglu, Musa Emin"]
[Result "0-1"]
[WhiteElo "1490"]
[BlackElo "1847"]
[PlyCount "84"]
[EventDate "2017.01.28"]
[EventType "swiss"]
[EventRounds "11"]
[EventCountry "TUR"]
[SourceTitle "CBM 176 Extra"]
[Source "ChessBase"]
[SourceDate "2017.03.02"]
[SourceVersion "1"]
[SourceVersionDate "2017.03.02"]
[SourceQuality "1"]

1. c4 f5 2. g3 Nf6 3. Bg2 d6 4. Nc3 e5 5. d3 Be7 6. Nf3 0-0 7. a3 a5 8. 0-0 Qe8 9. Bg5 h6 10. Bxf6 Bxf6 11. Nd5 Bd8 12. b4 c6 13. Nc3 Nd7 14. b5 c5 15. Nd2 Kh8 16. e3 Ra7 17. Nd5 b6 18. Nb1 Nf6 19. Nbc3 Be6 20. Nxf6 Bxf6 21. Bd5 Bc8 22. Rc1 g5 23. Bc6 Qg6 24. Nd5 Bd8 25. f4 Be6 26. Nc3 Rg7 27. fxe5 dxe5 28. Rc2 h5 29. Rcf2 Rgf7 30. Bd5 g4 31. Bxe6 Qxe6 32. Ne2 Bg5 33. Qd2 Qh6 34. Nf4 exf4 35. exf4 Bf6 36. Re2 Bd4+ 37. Kg2 h4 38. Rh1 h3+ 39. Kf1 Qf6 40. Re5 Re7 41. Rxe7 Qxe7 42. a4 Re8 0-1

[Event "Istanbul op-A 10th"]
[Site "Istanbul"]
[Date "2011.09.13"]
[Round "3"]
[White "Muftuoglu, Musa Emin"]
[Black "Guner, Bulent"]
[Result "0-1"]
[WhiteElo "1876"]
[BlackElo "2123"]
[PlyCount "48"]
[EventDate "2011.09.12"]
[EventType "swiss"]
[EventRounds "9"]
[EventCountry "TUR"]
[SourceTitle "CBM 144 Extra"]
[Source "ChessBase"]
[SourceDate "2011.10.28"]
[SourceVersion "1"]
[SourceVersionDate "2011.10.28"]
[SourceQuality "1"]

1. d4 Nf6 2. Nf3 c5 3. c3 Qc7 4. g3 b6 5. Bf4 d6 6. Bg2 Bb7 7. 0-0 g6 8. Na3 Bg7 9. Qc1 0-0 10. Bh6 Nbd7 11. Bxg7 Kxg7 12. Nd2 Bxg2 13. Kxg2 e5 14. dxe5 Nxe5 15. e4 Qc6 16. Qc2 d5 17. f3 Rad8 18. Rad1 Rfe8 19. h3 dxe4 20. Nxe4 Rxd1 21. Qxd1 Nxe4 22. fxe4 Qxe4+ 23. Kh2 Nd3 24. Rg1 Ne1 0-1